000 00620cam a22002058i 4500
999 _c12632
_d12632
003 OSt
005 20240429200458.0
008 130708s2013 vtu b 001 0 eng
020 _z9781409445234 (pbk)
082 0 0 _a720.285
_223
100 1 _aColletti, Marjan,
_d1972-
245 1 0 _aDigital poetics :
_ban open theory of design-research in architecture /
_cby Marjan Colletti.
260 _c2008
263 _a1311
300 _apages cm.
490 0 _aDesign research in architecture
504 _aIncludes bibliographical references and index.
650 0 _aArchitectural design
_xData processing.
942 _2ddc